000 00650nam a2200181Ia 4500
008 090124s9999 xx 000 0 und d
082 _b20572
100 _aकोल्हटकर श्रीपद कृष्ण
245 _a दुटप्पी कीं दुहेरी ?
250 _a3
260 _c1947
300 _a160
600 _aकोल्हटकर श्रीपद कृष्ण
630 _a दुटप्पी कीं दुहेरी ?
700 _aकोल्हटकर श्रीपद कृष्ण
730 _a दुटप्पी कीं दुहेरी ?
942 _cBOOK
999 _c134376
_d134376